| 000 | 00357nam a22001337a 4500 | ||
|---|---|---|---|
| 082 |
_aP-586 _bP-586 |
||
| 100 |
_aUsman Ali _947627 |
||
| 245 |
_aPeshawar Mass Transit System Analytical Study and Proposed Plan _cUsman Ali, Mustafa Farasat |
||
| 260 | _c2014 | ||
| 300 | _a179 P, : | ||
| 526 |
_a0 _b0 _c0 _dP_586_P586 |
||
| 650 | _aProject | ||
| 942 |
_2ddc _cBK |
||
| 999 |
_c551229 _d551229 |
||